The challenge of the multi-jurisdiction deal: the perspective of an environmental consultant (Record no. 71927)
[ view plain ]
| 000 -LEADER | |
|---|---|
| fixed length control field | 01459cam a2200217 4500 |
| 001 - CONTROL NUMBER | |
| control field | ABS66346 |
| 008 - FIXED-LENGTH DATA ELEMENTS--GENERAL INFORMATION | |
| fixed length control field | 030116n2002 000 0 eng u |
| 035 ## - SYSTEM CONTROL NUMBER | |
| System control number | (Sirsi) u121042 |
| 100 ## - MAIN ENTRY--PERSONAL NAME | |
| Personal name | Meyer, P. |
| 245 #4 - TITLE STATEMENT | |
| Title | The challenge of the multi-jurisdiction deal: the perspective of an environmental consultant |
| 260 ## - PUBLICATION, DISTRIBUTION, ETC. | |
| Date of publication, distribution, etc. | 2002 |
| 490 ## - SERIES STATEMENT | |
| Series statement | Civil Engineering Surveyor |
| Volume/sequential designation | December/January 2003, 34-36(3) |
| 520 ## - SUMMARY, ETC. | |
| Summary, etc. | Examines the management of environmental due diligence programmes on multi-jurisdiction deals - that is deals which are multi-asset and cover more than one country. A project manager will need a strategy that covers the four main issues: access to and management of information, communication, knowledge and having an effective client interface. In considering the information required a project manager will have to consider that foreign countries have differing environmental laws and standards. All members of the deal team must understand what is being compared and have knowledge not only of local laws but also the cultural and political nature of the country or region where the transaction is being carried out. The client interface needs to be scheduled properly to allow time to deal with problem issues. |
| 590 ## - LOCAL NOTE (RLIN) | |
| Local note | ABS |
| 650 ## - SUBJECT ADDED ENTRY--TOPICAL TERM | |
| Topical term or geographic name entry element | DUE DILIGENCE |
| 650 ## - SUBJECT ADDED ENTRY--TOPICAL TERM | |
| Topical term or geographic name entry element | MANAGEMENT-PROJECT MANAGEMENT |
| 650 ## - SUBJECT ADDED ENTRY--TOPICAL TERM | |
| Topical term or geographic name entry element | PROPERTY TRANSACTIONS |
| 650 ## - SUBJECT ADDED ENTRY--TOPICAL TERM | |
| Topical term or geographic name entry element | PROPERTY PORTFOLIOS |
| 690 ## - LOCAL SUBJECT ADDED ENTRY--TOPICAL TERM (OCLC, RLIN) | |
| Topical term or geographic name as entry element | ENVIRONMENT-ENVIRONMENTAL LAW |
| 942 ## - ADDED ENTRY ELEMENTS (KOHA) | |
| Suppress in OPAC | 0 |
| Withdrawn status | Lost status | Source of classification or shelving scheme | Damaged status | Not for loan | Home library | Current library | Shelving location | Date acquired | Total Checkouts | Full call number | Barcode | Date last seen | Copy number | Price effective from | Koha item type |
|---|---|---|---|---|---|---|---|---|---|---|---|---|---|---|---|
| Dewey Decimal Classification | London | London | Journal article | 16/01/2003 | ABS66346 | 121042-1001 | 06/08/2019 | 1 | 06/08/2019 | Journal article |